| 000 | 02401cam a22005294i 4500 | ||
|---|---|---|---|
| 003 | PE-LiUPU | ||
| 005 | 20250731172855.0 | ||
| 008 | 160822s2013 flu r 000 0 spa d | ||
| 035 | _a(Sirsi) a163080 | ||
| 040 |
_aPE-LiUPU _bspa _cPE-LiUPU _erda |
||
| 049 | _aPRUA | ||
| 050 | 4 |
_aBX6152.66 _b.R47 |
|
| 082 | 0 | 4 |
_a286.732 _bD66 |
| 082 | 0 | 4 |
_a286.732068 _bD66 |
| 110 | 1 | _aDivisión Sudamericana de la Asociación General de los Adventistas del Séptimo día | |
| 245 | 1 | 0 | _aReglamentos eclesiástico-administrativos 2013 . |
| 246 | 3 | _aDos mil trece reglamentos eclesiástico-administrativos. | |
| 264 |
_aFlorida : _bIASD, _c2013. |
||
| 300 |
_a735 páginas ; _c20 centímetros. |
||
| 336 |
_text _2rdacontent |
||
| 337 |
_unmediated _2media |
||
| 338 |
_volume _2rdacarrier |
||
| 505 | 0 | _aConstitución de la asociación General -- Declaración de misión -- Reglamentos eclesiástico-administrativos de la división sudamericana -- Plan administrativo de la División Sudamericana -- Modelos de estatutos y reglamento interno -- Licencias/credenciales, estatus, llamados, registro de servicios, vacaciones y finanzas personales de los obreros -- Ministerio de capellanía adventista. | |
| 526 | _aSEG42 | ||
| 526 | _aSEG41 | ||
| 526 | _aSEG40 | ||
| 526 | _aSEG39 | ||
| 526 | _aP94 | ||
| 526 | _aP87 | ||
| 526 | _aP86 | ||
| 526 | _aP85 | ||
| 526 | _aP77 | ||
| 526 | _aP76 | ||
| 526 | _aP35 | ||
| 910 | _chop | ||
| 910 |
_adbm _bksl _cksl _d20200205 |
||
| 942 |
_2ddc _cBOOK |
||
| 949 |
_a286.732 D66 _wLC _c1 _iCW00107 _lCIW _mBUL _p00.00 _r1 _sY _tBOOK _u2017-02-01 _xWHITE _zUNKNOWN _0COMPRA _o.STAFF. Centro White |
||
| 994 |
_aC0 _bPEPRU |
||
| 596 | _a1 4 | ||
| 999 |
_a286.732 D66 _wDEWEY _c11989 _i70711 _d11989 _e2018-6-18 _f2021-11-11 _g6 _lCCODEBUL1 _mBUL _n2 _p20.00 _q4 _r0 _sY _tBOOK _u2016-8-22 _xTEOLOGIA _PP35 _0COMPRA _o.STAFF. Colección Teología |
||
| 999 |
_a286.732068 D66 2013 _wDEWEY _c1 _iCW00107 _f2021-12-22 _g2 _lCCODECWL1 _mBWL _p20.00 _r0 _sY _tBOOK _u2017-2-1 _xWHITE _zUNKNOWN _0COMPRA _o.STAFF. Centro White |
||
| 999 |
_a286.732068 D66 2013 _wDEWEY _c1 _iCW001587 _f2021-12-22 _g2 _lCCODECWL1 _mBUL _p15.00 _r1 _sY _tBOOK _u2020-2-5 _xWHITE _zUNKNOWN _0DONACION _o.STAFF. Colección Elena de White |
||
| 980 |
_81 _gALBERTO SANCHEZ Responsable de Automatización |
||